| 000 | 00510nam a2200193Ia 4500 | ||
|---|---|---|---|
| 003 | OSt | ||
| 005 | 20250211112230.0 | ||
| 008 | 210210b1950 xxu||||| |||| 00| 0 eng d | ||
| 040 | _cAL | ||
| 041 | _ahin | ||
| 082 | _a864/9 | ||
| 100 |
_aBHATNAGAR (Ramratan) _9198945 |
||
| 110 |
_bभटनागर (रामरतन) _9198946 |
||
| 245 |
_aKamayani: _bकामायानी |
||
| 260 |
_aIllahabad _bKitab mahal _c1950 |
||
| 690 |
_aHindi Criticism _9198947 |
||
| 906 | _a023546 | ||
| 942 |
_2ddc _cBK |
||
| 999 |
_c148516 _d148516 |
||